Flexible learning, human resource, and organisational development : (Record no. 6464)

MARC details
000 -LEADER
fixed length control field 01290cam a22003494a 4500
001 - CONTROL NUMBER
control field 741096
003 - CONTROL NUMBER IDENTIFIER
control field OSt
005 - DATE AND TIME OF LATEST TRANSACTION
control field 20200123103125.0
008 - FIXED-LENGTH DATA ELEMENTS--GENERAL INFORMATION
fixed length control field 990304s2000 enka b 001 0 eng
010 ## - LIBRARY OF CONGRESS CONTROL NUMBER
LC control number 99024178
020 ## - INTERNATIONAL STANDARD BOOK NUMBER
International Standard Book Number 0415200598
020 ## - INTERNATIONAL STANDARD BOOK NUMBER
International Standard Book Number 0415200601
040 ## - CATALOGING SOURCE
Original cataloging agency DLC
Transcribing agency DLC
Modifying agency DLC
042 ## - AUTHENTICATION CODE
Authentication code pcc
050 00 - LIBRARY OF CONGRESS CALL NUMBER
Item number .F54 1999
082 00 - DEWEY DECIMAL CLASSIFICATION NUMBER
Classification number 374
Edition number 21
Item number FLE 2000
245 00 - TITLE STATEMENT
Title Flexible learning, human resource, and organisational development :
Remainder of title putting theory to work /
Statement of responsibility, etc. edited by Viktor Jakupec and John Garrick.
260 ## - PUBLICATION, DISTRIBUTION, ETC. (IMPRINT)
Place of publication, distribution, etc. London ;
-- New York :
Name of publisher, distributor, etc. Routledge,
Date of publication, distribution, etc. 2000.
300 ## - PHYSICAL DESCRIPTION
Extent xv, 280 p. :
Other physical details ill. ;
Dimensions 23 cm.
504 ## - BIBLIOGRAPHY, ETC. NOTE
Bibliography, etc Includes bibliographical references and index.
650 #0 - SUBJECT ADDED ENTRY--TOPICAL TERM
Topical term or geographic name as entry element Open learning.
9 (RLIN) 13295
650 #0 - SUBJECT ADDED ENTRY--TOPICAL TERM
Topical term or geographic name as entry element Continuing education.
9 (RLIN) 13296
650 #0 - SUBJECT ADDED ENTRY--TOPICAL TERM
Topical term or geographic name as entry element Occupational training.
9 (RLIN) 13297
650 #0 - SUBJECT ADDED ENTRY--TOPICAL TERM
Topical term or geographic name as entry element Employees
General subdivision Training of.
9 (RLIN) 13298
700 1# - ADDED ENTRY--PERSONAL NAME
Personal name Jakupec, Viktor,
Dates associated with a name 1945-
9 (RLIN) 13299
700 1# - ADDED ENTRY--PERSONAL NAME
Personal name Garrick, John.
9 (RLIN) 13300
856 42 - ELECTRONIC LOCATION AND ACCESS
Materials specified Publisher description
Uniform Resource Identifier <a href="http://www.loc.gov/catdir/enhancements/fy0649/99024178-d.html">http://www.loc.gov/catdir/enhancements/fy0649/99024178-d.html</a>
906 ## - LOCAL DATA ELEMENT F, LDF (RLIN)
a 7
b cbc
c orignew
d 1
e ocip
f 19
g y-gencatlg
942 ## - ADDED ENTRY ELEMENTS (KOHA)
Source of classification or shelving scheme Dewey Decimal Classification
Koha item type Open Shelf
Holdings
Withdrawn status Lost status Source of classification or shelving scheme Damaged status Not for loan Home library Current library Date acquired Source of acquisition Inventory number Total Checkouts Full call number Barcode Date last seen Price effective from Koha item type
    Dewey Decimal Classification     MUST Main Library MUST Main Library 23/01/2020 Donation 2009/31913   374 FLE 2000 2020-0093 23/01/2020 23/01/2020 Open Shelf